000
00301nam a2200133Ia 4500
100
_a
Shames/ Irving .H
942
_c
BK
654
_a
Engg.Mechanics
245
_a
Engineering Mechanics
260
_b
Prentice-hall Of India Pvt. Ltd.
_a
New Delhi
300
_a
764
546
_a
ENGLISH
999
_c
29054
_d
29054